00329nam a22001097a 4500008004100000020001400041050002200055100002500077245006400102260004400166300000900210161103b xxu||||| |||| 00| 0 eng d a933202242 aNC 1479 .G83 2007 aKings,Kartoon.d2007 aThe graphic work of simon Grnnan and Christopher Sperandio. aSingapore:bWest Virginia press,c2007. a143.